00811cam a22002891 4500001001300000003000400013005001700017008004100034010001700075035002000092040001800112042001200130043001200142050002200154100005400176245002000230260001100250300002900261500001300290504002600303600003300329651003300362700003100395700003300426700004500459999001700504sa 67004825 DLC20260227112351.0890418s1965 ii h b 000 0 urdr  asa 67004825  a(OCoLC)19567477 aDLCcWaUdDLC apremarc aa-iq---00aBP80.H8bK35 19651 aKāshifī, Ḥusayn Vāʻiẓ,d-1504 or 1505.10aKarbal kathā. c[1965] a348 p.bfacsims.c23 cm. aIn Urdu. aBibliography: p. 333.00aḤusayn ibn ʻAlī,d-680. 0aKarbalāʼ (Iraq)xHistory.0 aMālik Rām,d1908-1993.0 aMukhtār al-Dīn, Aḥmad.1 aFaz̤lī, Faz̤l ʻAlī,dactive 1733. c74789d74789